Personnages d'anime en images - O - Statistiques

Statistiques générales
  • Ce quiz a été pris 408 fois
    220 depuis la dernière actualisation
  • Le résultat moyen est 6 sur 16
Statistiques - réponses
Par images Réponse % Correct
Orochimaru
93%
Olivier Atton
83%
Eikichi Onizuka
76%
Ochaco Uraraka
73%
Ondine
73%
Oden Kozuki
61%
Orihime Inoue
55%
Oolong
37%
Tooru Oikawa
24%
Olivia Mira Armstrong
23%
Okuyasu Nijimura
15%
Ozen
3%
Yuzuru Otonashi
3%
Oberon
2%
Orion
2%
Oculus
0%
Aucun quiz correspondant
Distribution des résultats
% des personnes avec chaque résultat
Percentile par nombre de réponses
Votre historique - résultats
Vous n’avez pas pris ce quiz depuis la dernière actualisation